At last, clarity for mediation (Record no. 117591)
[ view plain ]
| 000 -LEADER | |
|---|---|
| fixed length control field | 01284cam a2200229 4500 |
| 001 - CONTROL NUMBER | |
| control field | ABS67920 |
| 008 - FIXED-LENGTH DATA ELEMENTS--GENERAL INFORMATION | |
| fixed length control field | 040623n2004 000 0 eng u |
| 035 ## - SYSTEM CONTROL NUMBER | |
| System control number | (Sirsi) u126596 |
| 100 ## - MAIN ENTRY--PERSONAL NAME | |
| Personal name | Pliener, D. |
| 245 ## - TITLE STATEMENT | |
| Title | At last, clarity for mediation |
| 260 ## - PUBLICATION, DISTRIBUTION, ETC. | |
| Date of publication, distribution, etc. | 2004 |
| 490 ## - SERIES STATEMENT | |
| Series statement | New Law Journal |
| Volume/sequential designation | 154(7132) 11 June 2004, 878 (2) |
| 520 ## - SUMMARY, ETC. | |
| Summary, etc. | Examines the CA landmark judgment in "Halsey v Milton Keynes General NHS Trust; Steel v Joy and another" ([2004] EWCA Civ 576, Abs67919). This clarified the court's approach to mediation especially in the case of the "Halsey" judgment where two crucial questions are addressed; the circumstances where a court requires the parties to mediate where one of the parties does not wish to do so, and in which situations will one party's refusal to mediate deprive it of the usual costs order? This decision appears to be a reversal of a trend in recent cases such as "Cable and Wireless Plc v IBM (UK) Ltd" ([2002] EWHC 2059 (Comm), [2002] 2 ALL ER 1041 (Comm)). |
| 590 ## - LOCAL NOTE (RLIN) | |
| Local note | ABS |
| 590 ## - LOCAL NOTE (RLIN) | |
| Local note | ABS |
| 650 ## - SUBJECT ADDED ENTRY--TOPICAL TERM | |
| Topical term or geographic name entry element | HALSEY V MILTON KEYNES GENERAL NHS TRUST |
| 650 ## - SUBJECT ADDED ENTRY--TOPICAL TERM | |
| Topical term or geographic name entry element | CABLE AND WIRELESS PLC v IBM (UK) LTD |
| 650 ## - SUBJECT ADDED ENTRY--TOPICAL TERM | |
| Topical term or geographic name entry element | MEDIATION |
| 650 ## - SUBJECT ADDED ENTRY--TOPICAL TERM | |
| Topical term or geographic name entry element | ALTERNATIVE DISPUTE RESOLUTION |
| 690 ## - LOCAL SUBJECT ADDED ENTRY--TOPICAL TERM (OCLC, RLIN) | |
| Topical term or geographic name as entry element | DISPUTE RESOLUTION-CASE LAW |
| 942 ## - ADDED ENTRY ELEMENTS (KOHA) | |
| Suppress in OPAC | 0 |
| Withdrawn status | Lost status | Source of classification or shelving scheme | Damaged status | Not for loan | Home library | Current library | Shelving location | Date acquired | Total Checkouts | Full call number | Barcode | Date last seen | Copy number | Price effective from | Koha item type |
|---|---|---|---|---|---|---|---|---|---|---|---|---|---|---|---|
| Dewey Decimal Classification | London | London | Journal article | 24/06/2004 | ABS67920 | 126596-1001 | 06/08/2019 | 1 | 06/08/2019 | Journal article |